Estudios de derecho privado comn︢ y foral. T.III, Familia y otros temas

Bibliographic Details
Main Author: Lacruz Berdejo, Jos ̌Luis
Corporate Author: Centro de Estudios Registrales (Espaą)
Other Authors: Corral Dueąs, Francisco (ed. lit), Lacruz Bescs̤, Jos ̌Luis (ed. lit), Rams Albesa, Joaqun̕ (ed. lit)
Format: Unknown
Language:Spanish
Published: [Madrid?] : Barcelona : Colegio de Registradores de la Propiedad y Mercantiles de Espaą, Centro de Estudios Registrales ; Bosch, 1993
Subjects:
Online Access:Acceso restringido

MARC

LEADER 00000ny a22000003n 4500
005 20110606145954.0
008 080611s1993 sp s 000 0 spa c
020 |a 8476982062 
035 |a 1219 
040 |a UMA.RE  |d vLex 
080 |a 347(460) 
080 |a 347.61/.64(460) 
090 |c 507  |d 507 
100 1 |a Lacruz Berdejo, Jos ̌Luis 
245 1 0 |a Estudios de derecho privado comn︢ y foral.  |n T.III,  |p Familia y otros temas  |h [Recurso electrn̤ico]  |c Jos ̌Luis Lacruz Berdejo ; publicacin̤ dirigida por Joaqun̕ Rams Albesa, Francisco Corral Dueąs, Jos{a 
256 |a Servicio en ln̕ea 
260 |a [Madrid?] :  |b Colegio de Registradores de la Propiedad y Mercantiles de Espaą, Centro de Estudios Registrales ;  |a Barcelona :  |b Bosch,  |c 1993 
300 |a 675 p. ;  |c 25 cm 
506 1 |a Contenido solo disponible en los productos indicados  |d vLex Global  |d vLex Global (Academic Edition, excluding Law Schools)  |d vLex Global (U.S. Academic Edition, Law Schools)  |d vLex Global (U.S. Academic Edition, excluding Law Schools)  |d vLex Global (Academic Edition, Law Schools) 
650 0 7 |a Penal  |2 Tesauro vLex 
650 0 7 |a Derecho foral  |2 Tesauro vLex 
650 0 7 |a Derecho privado  |2 Tesauro vLex 
700 1 |a Corral Dueąs, Francisco,  |e ed. lit 
700 1 |a Lacruz Bescs̤, Jos ̌Luis,  |e ed. lit 
700 1 |a Rams Albesa, Joaqun̕,  |e ed. lit 
710 2 |a Centro de Estudios Registrales (Espaą) 
740 0 |a vLex Libros (Servicios en ln̕ea) 
856 4 0 |u http://vlex.com/source/1219  |z Acceso restringido 
942 |c BOOK 
999 0 |a Criminal Law   |b Barcelona